00706cam a2200217 a 450000100100000000500170001000800410002704000280006805000160009608200210011210000500013324500570018326000560024030000320029649000380032850400310036665000250039783000440042291000070046699900150047300000155520200929145622.0740801s1966 nyua b 001 0 eng  aDO-SdBNPcDLCdICUdDLC00aQH605b.W73 a574.87623bW746c1 aWilson, G. B.q(George Bernard),d1914-9510810aCell division and the mitotic cycle /cG. B. Wilson. aNew York :bReinhold Publishing Corporation,c1966. aix, 111 p. :bil. ;c19 cm.1 aSelected Topics in Modern Biology aBibliografìa: p. 99-100. 0aCell division.95109 0aSelected Topics in Modern Biology95110 aDC c1457d1457